00612nam a2200229 a 4500001001300000003000900013005001700022008004100039020000800080082001600088100001600104245002000120260004900140300000900189500003500198505001000233650001500243902000800258942000700266952009400273999001500367nice12345678IN_TiNIC20260116011557.0050524s1931 seca grp 000 0 eng  ac000a297.86bALL aAllahdin, A aIman of the Age aSecunderabadbAnjuman-E-Taraqi-E-Islamc1931 a33p. aincludes index and biblioraphy2 aindex aAhmadiyyah bSRS cBK 00104070aHMIbHMId2005-05-24g0.00l0o297.86 ALLp1267r2005-05-24w2026-01-16yARB c2704d2704